| 000 | 00565nam a22001697a 4500 | ||
|---|---|---|---|
| 005 | 20180205103556.0 | ||
| 008 | 160701b xxu||||| |||| 00| 0 eng d | ||
| 020 | _a0-07-099146-4 | ||
| 041 | _aeng | ||
| 082 |
_b20324 _a005.133 |
||
| 100 |
_aNewcomer, Lawrence R. _94070 |
||
| 245 |
_a Theory and problems of Programming with advance structured COBAL: _bwith file processing structured system development and interactive considerations |
||
| 260 |
_bSchaums Outlines series _anew york _c1987 |
||
| 300 | _a342 | ||
| 650 |
_aInformation Technology _9137 |
||
| 942 | _cBK | ||
| 999 |
_c5050 _d5048 |
||